| 000 | 00652cam a2200205 4500 | ||
|---|---|---|---|
| 001 | 3627144 | ||
| 005 | 20250217170738.0 | ||
| 008 | 740409s1973 enk b 001 0 eng | ||
| 020 |
_a0273318144 _a0273318152 (pbk.) |
||
| 050 | 0 | 0 |
_aKD4879 _b.G75 1973 |
| 082 | 0 | 0 | _a342/.42/06 |
| 100 | 1 |
_aGriffith, J. A. G. _q(John Aneurin Grey) |
|
| 245 | 1 | 0 |
_aPrinciples of administrative law _c[by] J. A. G. Griffith and H. Street. |
| 250 | _a5th ed. | ||
| 260 |
_a[London] _bPitman _c[1973] |
||
| 300 |
_axiii (i.e. xliii), 331 p. _c23 cm. |
||
| 650 | 0 |
_aAdministrative law _zGreat Britain. |
|
| 700 | 1 |
_aStreet, Harry, _d1919- _ejoint author. |
|
| 942 |
_2lcc _cBK _n0 |
||
| 999 |
_c3917 _d3917 |
||